000 00760cam a22002653a 4500
001 33733
003 PGUSA
005 20140828083729.0
008 100915s2010||||xxu|||||s|||||000 1 eng d
040 _aPGUSA
_beng
042 _adc
050 4 _aPS
100 1 _aCamp, Wadsworth,
_d1879-1936
245 1 4 _aThe Guarded Heights
_h[electronic resource] /
_cWadsworth Camp
260 _bProject Gutenberg,
_c2010
506 _aPublic domain in the USA.
516 _aElectronic text
653 _aPrinceton University -- Fiction
653 _aMan-woman relationships -- Fiction
653 _aLove stories
653 _aSocial classes -- Fiction
830 0 _aProject Gutenberg
_v33733
856 4 0 _uhttp://www.gutenberg.org/ebooks/33733
942 _cEB
999 _c262988
_d262988